Numaish dar Iran (Record no. 1679702)

MARC details
000 -LEADER
fixed length control field 00684 a2200229 4500
005 - DATE AND TIME OF LATEST TRANSACTION
control field 20260317105510.0
008 - FIXED-LENGTH DATA ELEMENTS--GENERAL INFORMATION
fixed length control field 260317b |||||||| |||| 00| 0 eng d
020 ## - INTERNATIONAL STANDARD BOOK NUMBER
International Standard Book Number 9789646551095 (pbk)
037 ## - SOURCE OF ACQUISITION
Terms of availability TB
040 ## - CATALOGING SOURCE
Original cataloging agency CRL
Transcribing agency CRL
041 ## - LANGUAGE CODE
Source of code PER
Language code of text/sound track or separate title PER
084 ## - COLON CLASSIFICATION NUMBER
Classification number NT45 164R5
Item number CRL
100 ## - MAIN ENTRY--PERSONAL NAME
Personal name Beizai, Bahram
9 (RLIN) 1115933
245 ## - TITLE STATEMENT
Title Numaish dar Iran
260 ## - PUBLICATION, DISTRIBUTION, ETC.
Place of publication, distribution, etc. Tehran, Iran:
Name of publisher, distributor, etc. Roshangaran & women studies publishing,
Date of publication, distribution, etc. 2025.
300 ## - PHYSICAL DESCRIPTION
Extent 224p.
365 ## - TRADE PRICE
Price amount 1900.00
Currency code INR
650 ## - SUBJECT ADDED ENTRY--TOPICAL TERM
Topical term or geographic name entry element Arts
650 ## - SUBJECT ADDED ENTRY--TOPICAL TERM
Topical term or geographic name entry element Theatre
942 ## - ADDED ENTRY ELEMENTS (KOHA)
Koha item type Textbook
Source of classification or shelving scheme Colon Classification (CC)
Classification part NT45 164R5
Holdings
Withdrawn status Lost status Source of classification or shelving scheme Damaged status Not for loan Home library Current library Date acquired Source of acquisition Cost, normal purchase price Inventory number Total Checkouts Full call number Barcode Date last seen Cost, replacement price Price effective from Koha item type
    Colon Classification (CC)     Central Library Central Library 2026-02-17 Nadwi Publications 1520.00 2058 & 14.02.2026   NT45 164R5 CL1926317 2026-02-17 1900.00 2026-02-17 Textbook
Copyright @ Delhi University Library System